01410nam a22002417a 4500008004100000020001800041040000800059041000800067050002800075100003500103245004000138260004200178300002500220520064000245650002800885650004200913650003300955650003200988651003201020942000801052952009301060999001501153251114b |||||||| |||| 00| 0 eng d a9781984882080 cTBS aeng aPS3608b.A54865S66 2021 aHalperin, Hanna926506eauthor aSomething wild :c/ Hanna Halperin. aNew York, NY :bPenguin Books,c2022. a324 pages ;c22 cm.  aTanya and Nessa Bloom pause their respective adult lives and travel to the Boston suburbs to help their mother pack up and move out of their childhood home. They don't expect to learn that their mother, Lorraine, is in a violent relationship. As Tanya urges Lorraine to get a restraining order, Nessa struggles to reconcile her fondness for their stepfather with his capacity for brutality. Their differing responses to the abuse bring up the sisters' shared secret: a traumatic, unspoken experience from their adolescence has shaped their lives, their sense of selves, and their relationship with each other and the men in their life. 0aSistersvFiction922940 0aMothers and daughtersxFiction924029 0aAbused womenvFiction926507 0aStepfathersvFiction926508 0aBoston (MA)vFiction926509 2lcc 00102lcc4070aTBSbTBSd2025-11-14l0oP-EN HALpB05643r2025-11-14t1w2025-11-14y1 c5181d5181